|
|
|
|
| LEADER |
01306nam a2200397 a 4500 |
| 001 |
nkc20122428461 |
| 003 |
CZ PrNK |
| 005 |
20131205123317.0 |
| 007 |
ta |
| 008 |
130218s2012 xr e f 000 0 cze |
| 015 |
|
|
|a cnb002428461
|
| 020 |
|
|
|a 978-80-87754-03-0
|q (brož.)
|
| 035 |
|
|
|a (OCoLC)829661458
|
| 040 |
|
|
|a ABA001
|b cze
|
| 072 |
|
7 |
|a 159.96
|x Zvláštní duševní stavy a procesy. Hlubinná psychologie
|2 Konspekt
|9 17
|
| 080 |
|
|
|a 398.7
|2 MRF
|
| 080 |
|
|
|a 159.963.38
|2 MRF
|
| 080 |
|
|
|a (035)
|2 MRF
|
| 100 |
1 |
|
|a Růžičková, Helena,
|d 1936-2004
|7 jn19990209735
|4 aut
|
| 245 |
1 |
0 |
|a Moderní snář Heleny Růžičkové
|
| 246 |
3 |
0 |
|a Snář Heleny Růžičkové
|
| 260 |
|
|
|a Praha :
|b Malý princ,
|c 2012
|
| 300 |
|
|
|a 222 s. ;
|c 21 cm
|
| 650 |
0 |
7 |
|a snáře
|7 ph125734
|2 czenas
|
| 650 |
0 |
7 |
|a snová symbolika
|7 ph135829
|2 czenas
|
| 650 |
0 |
7 |
|a výklad snů
|7 ph307575
|2 czenas
|
| 650 |
0 |
9 |
|a dream-book
|2 eczenas
|
| 650 |
0 |
9 |
|a dream symbolism
|2 eczenas
|
| 650 |
0 |
9 |
|a dream interpretation
|2 eczenas
|
| 655 |
|
7 |
|a příručky
|7 fd133209
|2 czenas
|
| 655 |
|
9 |
|a handbooks and manuals
|2 eczenas
|
| 910 |
2 |
|
|a BOA001
|b 2-1315.242
|
| 990 |
|
|
|a BK
|
| 995 |
|
|
|a 01
|
| 991 |
|
|
|b 201312
|c NOV
|e n
|
| 996 |
6 |
|
|b 2610572182
|c 2-1315.242
|l MZK
|r Sklad / do 1 hodiny
|n 0
|p p.v.
|w 001385765
|u 000010
|a 1
|e BOA001
|j MZK50
|s P
|